00481nam a2200181 a 4500001001300000003000900013005001700022008004100039020001000080082001600090100001400106245005500120260004800175300000900223500003500232650001800267700001400285nice12345678IN_TiNIC20260116012350.0080915s1910 cama grp 000 0 eng  ac10000a225.52bCLA aClay, C F aNew Testament of Our Lord and Saviour Jesus Christ aCambridgebCambridge University Pressc1910 a204p aincludes index and biblioraphy aNew Testament1 aClay, C F